Hacia el ecomunismo: una respuesta mítica a algunos problemas del marximo /

Guardado en:
Bibliografiske detaljer
Hovedforfatter: Capriles, Elías
Format: Texto
Fag:
Tags: Tilføj Tag
Ingen Tags, Vær først til at tagge denne postø!

MARC

LEADER 00000 a a2200000 04500
001 13276
003
040
100 |a Capriles, Elías  
245 |a Hacia el ecomunismo: una respuesta mítica a algunos problemas del marximo /  |c Elías Capriles 
650 |a MARXISMO  
650 |a ECOLOGIA  
650 |a HISTORIA POLITICA  
650 |a FILOSOFIA  
650 |a SISTEMAS POLITICOS  
773 |g número 112; páginas 271-308  
999 |c 26922  |d 26922